Spokojnosť zamestnancov v zdravotníckom zariadení v období hospodárskej krízy

Základné charakteristiky a faktory, ktoré ovplyvňujú spokojnosť zamestnancov. Výsledky výskumu spokojnosti zamestnancov vo Vranovskej nemocnici.

Salvato in:
Dettagli Bibliografici
Autore principale: Hajduová, Zuzana, 1974-
Altri autori: Andrejkovič, Marek, Bosáková, Lucia
Natura: Capitolo di libro
Lingua:slovacco
Soggetti:
Tags: Aggiungi Tag
Nessun Tag, puoi essere il primo ad aggiungerne!!

MARC

LEADER 00000naa$a2200000$$$4500
001 0144896
005 20240605094115.7
041 0 |a slo 
044 |a SK 
245 1 0 |a Spokojnosť zamestnancov v zdravotníckom zariadení v období hospodárskej krízy  |c Zuzana Hajduová, Marek Andrejkovič, Lucia Bosáková 
520 |a Základné charakteristiky a faktory, ktoré ovplyvňujú spokojnosť zamestnancov. Výsledky výskumu spokojnosti zamestnancov vo Vranovskej nemocnici. 
610 2 0 |a zamestnanci 
610 2 0 |a spokojnosť v práci 
610 2 0 |a nemocnice 
610 2 0 |a motivácia pracovná 
610 2 0 |a výskum štatistický 
610 2 0 |a metódy štatistické 
100 1 |a Hajduová, Zuzana, 1974- 
700 1 |a Andrejkovič, Marek 
700 1 |a Bosáková, Lucia